000 00416nam a2200133Ia 4500
008 151001s9999||||xx |||||||||||||| ||und||
100 _aप्रिया तेंडूलकर
245 _aज्याचा त्याचा प्रश्न
250 _a1
260 _bमॅजेस्टीक प्रकाशन मुंबई
260 _c1987
300 _a171
365 _b21
999 _c978578
_d978575